[Event "Barbera del Valles op 45th"]
[Site "Barbera del Valles"]
[Date "2023.07.11"]
[Round "8"]
[White "Aleksanyan Israelyan, Nicolas"]
[Black "Gil Jimenez, David"]
[Result "1-0"]
[WhiteElo "1930"]
[BlackElo "1812"]
[PlyCount "75"]
[EventDate "2023.07.04"]
[EventType "swiss"]
[EventRounds "9"]
[EventCountry "ESP"]
[SourceTitle "CBM 215 Extra"]
[Source "ChessBase"]
[SourceDate "2023.09.30"]
[SourceVersion "1"]
[SourceVersionDate "2023.09.30"]
[SourceQuality "1"]

1. e4 c5 2. Nf3 e6 3. c4 Nc6 4. d4 cxd4 5. Nxd4 Nf6 6. Nc3 Bb4 7. Nxc6 bxc6 8. Bd3 Qc7 9. 0-0 h6 10. Be3 0-0 11. f4 e5 12. Kh1 exf4 13. Bxf4 Bd6 14. Bxh6 Be5 15. Be3 d5 16. exd5 Ng4 17. d6 Bxd6 18. Qf3 Ne5 19. Qe4 Nxd3 20. Qxd3 Bxh2 21. Qe4 Be6 22. Bf4 Bxf4 23. Rxf4 Rad8 24. Rh4 g6 25. Qe3 Kg7 26. Qh6+ Kf6 27. Ne4+ Ke7 28. Qg5+ Kd7 29. Qf6 Kc8 30. c5 Kb8 31. Nd6 Ka8 32. b4 Bd5 33. Re1 Bxa2 34. Ra1 Bd5 35. b5 cxb5 36. Nxb5 Bxg2+ 37. Kxg2 Qb7+ 38. Qf3 1-0

[Event "ESP-ch U14"]
[Site "Salobrena"]
[Date "2021.07.12"]
[Round "1"]
[White "Gil Jimenez, David"]
[Black "Munoz Valles, Jorge"]
[Result "0-1"]
[WhiteElo "1365"]
[BlackElo "1750"]
[PlyCount "36"]
[EventDate "2021.07.12"]
[EventType "swiss"]
[EventRounds "9"]
[EventCountry "ESP"]
[SourceTitle "EXT 2022"]
[Source "ChessBase"]
[SourceDate "2021.10.06"]
[SourceVersion "1"]
[SourceVersionDate "2021.10.06"]
[SourceQuality "1"]

1. d4 Nf6 2. Bg5 Ne4 3. Bf4 c5 4. f3 Qa5+ 5. c3 Nf6 6. d5 Qb6 7. Bc1 e6 8. e4 c4 9. Bxc4 Bc5 10. Nh3 0-0 11. d6 Bxd6 12. Qe2 Nc6 13. Be3 Qc7 14. g3 a6 15. a4 Be7 16. Nf4 Re8 17. b4 d5 18. Bd3 dxe4 0-1